Loading...
| Current Events | 1 | 10.00 | 100% | 0% | 0% |
| Fine Arts - Auditory Fine Arts | 3 | 23.33 | 100% | 100% | 33% |
| Fine Arts - Other Fine Arts | 5 | 18.00 | 100% | 60% | 20% |
| Fine Arts - Visual Fine Arts | 5 | 20.00 | 100% | 80% | 20% |
| History - American History | 3 | 13.33 | 100% | 33% | 0% |
| History - European History | 1 | 10.00 | 100% | 0% | 0% |
| History - Other History | 3 | 10.00 | 100% | 0% | 0% |
| History - World History | 4 | 17.50 | 100% | 75% | 0% |
| Literature - American Literature | 5 | 18.00 | 100% | 40% | 40% |
| Literature - British Literature | 2 | 15.00 | 100% | 50% | 0% |
| Literature - European Literature | 3 | 20.00 | 67% | 100% | 33% |
| Literature - World Literature | 2 | 20.00 | 100% | 50% | 50% |
| Mythology | 1 | 20.00 | 100% | 100% | 0% |
| Other Academic | 1 | 20.00 | 100% | 0% | 100% |
| Philosophy | 2 | 15.00 | 100% | 50% | 0% |
| Pop Culture | 1 | 10.00 | 100% | 0% | 0% |
| Religion | 3 | 16.67 | 100% | 67% | 0% |
| Science - Biology | 2 | 20.00 | 100% | 100% | 0% |
| Science - Chemistry | 3 | 10.00 | 100% | 0% | 0% |
| Science - Other Science | 2 | 25.00 | 100% | 100% | 50% |
| Science - Physics | 3 | 20.00 | 100% | 67% | 33% |
| Social Science | 2 | 15.00 | 100% | 50% | 0% |